[Event "Stay Safe Play From Home 221"]
[Site "T#646739Emanuel Laske"]
[Date "2020.06.12"]
[Round "4"]
[White "Hermann53"]
[Black "Edmatuag"]
[Result "0-1"]
[WhiteElo "899"]
[BlackElo "1709"]
[Annotator "NA RC"]
[PlyCount "46"]
[EventDate "2020.06.12"]
[EventType "swiss (blitz)"]

1. e4 {[%emt 0:00:02]} c5 {[%emt 0:00:02]} 2. d4 {[%emt 0:00:02]} d6 {[%emt 0:00:00]} 3. Bc4 {[%emt 0:00:02]} cxd4 {[%emt 0:00:02]} 4. c3 {[%emt 0:00:02]} Nc6 {[%emt 0:00:01]} 5. cxd4 {[%emt 0:00:04]} e6 {[%emt 0:00:01]} 6. d5 {[%emt 0:00:01]} Ne5 {[%emt 0:00:03]} 7. Nf3 {[%emt 0:00:05]} Nxc4 {[%emt 0:00:03]} 8. Nd4 {[%emt 0:00:03]} Nb6 {[%emt 0:00:04]} 9. dxe6 {[%emt 0:00:08]} Bxe6 {[%emt 0:00:03]} 10. Nxe6 {[%emt 0:00:03]} fxe6 {[%emt 0:00:00]} 11. e5 {[%emt 0:00:00]} dxe5 {[%emt 0:00:03]} 12. Qxd8+ {[%emt 0:00:02]} Rxd8 {[%emt 0:00:02]} 13. Nc3 {[%emt 0:00:02]} Bb4 {[%emt 0:00:03]} 14. O-O {[%emt 0:00:03]} Bxc3 {[%emt 0:00:01]} 15. bxc3 {[%emt 0:00:01]} Nf6 {[%emt 0:00:01]} 16. Bg5 {[%emt 0:00:02]} O-O {[%emt 0:00:02]} 17. f4 {[%emt 0:00:00]} exf4 {[%emt 0:00:06]} 18. Rxf4 {[%emt 0:00:02]} Nbd5 {[%emt 0:00:02]} 19. Ra4 {[%emt 0:00:02]} a6 {[%emt 0:00:02]} 20. c4 {[%emt 0:00:02]} Nc3 {[%emt 0:00:03]} 21. Re1 {[%emt 0:00:05]} Kf7 {[%emt 0:00:05]} 22. Rxe6 {[%emt 0:00:02]} Kxe6 {[%emt 0:00:02]} 23. Bf4 {[%emt 0:00:04]} Rd1+ {[%emt 0:00:02] Zeit (Lag: Av=0.45s, max=0.9s)} 0-1

[Event "Stay Safe Play From Home 221"]
[Site "T#646739Emanuel Laske"]
[Date "2020.06.12"]
[Round "5"]
[White "Mepe_Nika"]
[Black "Lamborghini"]
[Result "0-1"]
[WhiteElo "2383"]
[BlackElo "2280"]
[Annotator "TA"]
[PlyCount "102"]
[EventDate "2020.06.12"]
[EventType "swiss (blitz)"]

{[%evp 15,102,13,1,-14,-14,-14,35,-18,89,39,39,28,37,0,110,122,112,-8,86,-37,0,0,0,-141,-98,-138,-16,-25,-25,-42,-22,-77,25,-106,-16,-114,-101,-120,-116,-111,-111,-119,-109,-156,-142,-196,-165,-188,-174,-175,-111,-201,-108,-127,-109,-140,-142,-281,-287,-280,-289,-569,-562,-526,-518,-3459,-3375,-2820,-2229,-29986,-1662,-5397,-2807,-29997,-29983,-29996,-29990,-29991,-29992,-29992,-29993,-29993,-29994,-29994,-29995,-29995,-29988,-29990,-29991]} 1. d4 d6 2. Bf4 Nf6 3. e3 g6 4. Nf3 Bg7 5. h3 O-O 6. Be2 b6 7. O-O Bb7 8. a4 {[%cal Ba2a4,Ba4a5][%mdl 32]} a6 9. c4 {A48: 1 d4 Nf6 2 Nf3 g6: Torre, London and Colle Systems.} Nc6 10. Nc3 {[#]} Nb4 $146 ({Predecessor:} 10... Re8 11. d5 Nb4 12. a5 bxa5 13. Rxa5 c6 14. Qa4 Qb6 15. e4 Nd7 16. Be3 Nc5 17. Bxc5 dxc5 {0-1 (39) Zia,T (2148)-Konguvel,P (2367) Mumbai 2019}) 11. Bg3 (11. a5 $14) 11... d5 (11... a5 $11) 12. a5 {Black must now prevent Qb3.} dxc4 13. Bxc4 b5 14. Be2 Ne4 (14... c5 $11) 15. Nxe4 $16 Bxe4 16. Ne5 (16. Rc1 $16) 16... Rc8 (16... Qd5 $1 $11) 17. Bf3 (17. Qb3 $16 Bxe5 18. Bxe5) 17... Bxf3 (17... Bxe5 $5 18. Bxe5 Qd5 $11) 18. Qxf3 {Black should prevent Nc6.} c5 19. Rac1 (19. dxc5 $1 $11 Bxe5 20. Bxe5) 19... c4 20. Rfd1 Qd5 (20... Qxa5 21. Nd7 $15) ({Better is} 20... f6 $17 21. Ng4 Qxa5) 21. Qxd5 $11 Nxd5 22. Nd7 $1 {[%cal Rd7f8]} Rfd8 23. Nc5 (23. Nb6 $11) 23... e6 (23... Nb4 $17) 24. h4 {[#]} (24. Nxa6 $11 {keeps the balance.} c3 25. Rc2) 24... Bf8 (24... Rxc5 $1 $17 {[%mdl 512]} 25. dxc5 Bxb2) 25. Ne4 (25. Nxa6 $11 {remains equal.} c3 26. b3) 25... Nb4 26. Rd2 Nc6 27. Ra1 Bb4 28. Nc3 f6 29. Re2 Kf7 (29... Bxa5 $6 30. Ne4 $15) 30. h5 (30. f3 $17) 30... Bxc3 (30... Bxa5 31. Ne4 $15) ({Don't play} 30... Nxa5 31. hxg6+ hxg6 32. f3 $17) 31. bxc3 gxh5 32. f3 Rg8 (32... e5 $19 {[%cal Re5d4]} 33. dxe5 fxe5) 33. Kf2 (33. Be1 $17 {was necessary.}) 33... Rg6 ({Black should play} 33... b4 $19 34. Ra4 b3) 34. Bd6 $17 Rcg8 $36 {[%mdl 2048] Black is on the roll.} 35. Kf1 h4 36. Rd1 (36. Bh2 $17 {was the only defense.}) 36... h3 $1 $19 {[%cal Rg6g2]} ({Less strong is} 36... Nxa5 37. Ra1 $17) 37. g4 h5 ({Not} 37... Nxa5 38. Ra1 $15) 38. d5 $2 (38. Rh2) 38... exd5 39. Rxd5 hxg4 40. Bg3 (40. fxg4 $142 Rxg4 41. Bh2) 40... gxf3 41. Rd7+ {[#]} Ke6 $1 42. Red2 Ne5 (42... Rxg3 $142 43. R7d6+ Ke5 44. Rh2 Rg1+ 45. Kf2 Kxd6 46. e4 R1g2+ {[%mdl 64] Double Attack} 47. Ke3 Rxh2 48. Kf4 Ne5 49. Kf5 f2 50. Kf4 f1=Q+ 51. Ke3 Qf2#) 43. R2d6+ {[#]} Kf5 $1 44. Bxe5 fxe5 {[%mdl 4096] Endgame KRR-KRR. Black mates.} 45. Kf2 Ke4 46. Rd4+ exd4 47. Rxd4+ Ke5 48. Kxf3 Rg3+ 49. Ke2 Rg2+ 50. Kd1 Rd2+ {[%mdl 64] Promotion} 51. Rxd2 Rg1+ {Accuracy: White = 31%, Black = 49%.} 0-1

[Event "Stay Safe Play From Home 221"]
[Site "T#646739Emanuel Laske"]
[Date "2020.06.12"]
[Round "5"]
[White "Little champs"]
[Black "Lazieri3"]
[Result "1-0"]
[WhiteElo "2198"]
[BlackElo "2015"]
[Annotator "TA"]
[PlyCount "41"]
[EventDate "2020.06.12"]
[EventType "swiss (blitz)"]

{[%evp 9,41,0,0,0,13,0,13,16,21,-17,-13,-22,-26,-24,-4,-31,-22,-22,84,84,83,83,91,93,101,88,104,119,259,261,854,854,29996,29997]} 1. d3 c6 2. e4 d5 3. Nc3 dxe4 4. Nxe4 Nf6 5. Nxf6+ exf6 6. Nf3 {B11: Caro-Kann: Two Knights Variation.} Bf5 {[#]} 7. Be2 $146 ({Predecessor:} 7. Be3 Bd6 8. Nd4 Bb4+ 9. c3 Bxc3+ 10. bxc3 Bg6 11. Be2 Nd7 12. Qb3 Qc7 13. O-O {1-0 (47) Dobkevicius,S-Braziulis,V ICCF email 2006}) 7... Bc5 8. O-O {The position is equal.} O-O 9. Be3 (9. d4 {feels hotter.} Bd6 10. Nh4 Be4 11. g3 Re8 12. c4) 9... Bxe3 10. fxe3 Re8 11. e4 Bg4 12. Qe1 Nd7 13. Qf2 Ne5 (13... c5 $11 {remains equal.}) 14. Nxe5 $16 {[%mdl 64] Discovered Attack} Bxe2 {[#]} 15. Nxf7 $1 ({Much weaker is} 15. Qxe2 fxe5 16. g3 Qd4+ 17. Qf2 f6 $11) 15... Kxf7 16. Qxe2 Qb6+ 17. Kh1 Qxb2 18. Rab1 Qxa2 (18... Qe5 $16) 19. Rxb7+ $18 Kg8 $2 {[#]} (19... Re7 20. Qh5+ {[%mdl 64] Double Attack} Kf8 21. Rxe7 Kxe7) 20. Qg4 $1 {[%csl Gb7,LRf6,LRg7][%cal Rg4g7][%mdl 512]} g6 {[#]} 21. Qd7 $1 {[%mdl 576] Double Attack. Accuracy: White = 82%, Black = 52%.} 1-0

[Event "Stay Safe Play From Home 221"]
[Site "T#646739Emanuel Laske"]
[Date "2020.06.12"]
[Round "5"]
[White "Fischer_11"]
[Black "EL sanbary"]
[Result "1-0"]
[WhiteElo "2060"]
[BlackElo "1922"]
[Annotator "NA RC"]
[PlyCount "65"]
[EventDate "2020.06.12"]
[EventType "swiss (blitz)"]

1. e4 {[%emt 0:00:01]} c5 {[%emt 0:00:01]} 2. c3 {[%emt 0:00:01]} g6 {[%emt 0:00:01]} 3. d4 {[%emt 0:00:01]} cxd4 {[%emt 0:00:01]} 4. cxd4 {[%emt 0:00:00]} d5 {[%emt 0:00:01]} 5. e5 {[%emt 0:00:01]} Bg7 {[%emt 0:00:01]} 6. h3 {[%emt 0:00:00]} Nc6 {[%emt 0:00:01]} 7. Nc3 {[%emt 0:00:01]} Nh6 {[%emt 0:00:01]} 8. a3 {[%emt 0:00:00]} O-O {[%emt 0:00:01]} 9. Nf3 {[%emt 0:00:00]} f6 {[%emt 0:00:03]} 10. exf6 {[%emt 0:00:01]} exf6 {[%emt 0:00:01]} 11. Be3 {[%emt 0:00:00]} Re8 {[%emt 0:00:02]} 12. Be2 {[%emt 0:00:00]} Nf5 {[%emt 0:00:01]} 13. O-O {[%emt 0:00:02]} Nxe3 {[%emt 0:00:01]} 14. fxe3 {[%emt 0:00:01]} Rxe3 {[%emt 0:00:01]} 15. Qb3 {[%emt 0:00:03]} Ne7 {[%emt 0:00:05]} 16. Kf2 {[%emt 0:00:02]} Re5 {[%emt 0:00:03]} 17. dxe5 {[%emt 0:00:02]} fxe5 {[%emt 0:00:01]} 18. Rad1 {[%emt 0:00:04]} Be6 {[%emt 0:00:03]} 19. Ng5 {[%emt 0:00:03]} Qf8+ {[%emt 0:00:05]} 20. Kg1 {[%emt 0:00:01]} Qc8 {[%emt 0:00:01]} 21. Nxe6 {[%emt 0:00:01]} Qxe6 {[%emt 0:00:00]} 22. Bg4 {[%emt 0:00:02]} Qd6 {[%emt 0:00:02]} 23. Nxd5 {[%emt 0:00:03]} Qc5+ {[%emt 0:00:04]} 24. Kh1 {[%emt 0:00:02]} Kh8 {[%emt 0:00:01]} 25. Nxe7 {[%emt 0:00:01]} Qxe7 {[%emt 0:00:00]} 26. Rf7 {[%emt 0:00:02]} Qg5 {[%emt 0:00:01]} 27. Qxb7 {[%emt 0:00:02]} Rg8 {[%emt 0:00:02]} 28. Qxa7 {[%emt 0:00:01]} e4 {[%emt 0:00:03]} 29. Qe7 {[%emt 0:00:01]} Qe3 {[%emt 0:00:03]} 30. Rd7 {[%emt 0:00:04]} Qc1+ {[%emt 0:00:08]} 31. Kh2 {[%emt 0:00:01]} Be5+ {[%emt 0:00:02]} 32. Qxe5+ {[%emt 0:00:01]} Rg7 {[%emt 0:00:01]} 33. Rd8# {[%emt 0:00:01] (Lag: Av=0.39s, max=2.1s)} 1-0

[Event "Stay Safe Play From Home 221"]
[Site "T#646739Emanuel Laske"]
[Date "2020.06.12"]
[Round "5"]
[White "Grizzzly"]
[Black "Edmatuag"]
[Result "1-0"]
[WhiteElo "1771"]
[BlackElo "1709"]
[Annotator "NA RC"]
[PlyCount "75"]
[EventDate "2020.06.12"]
[EventType "swiss (blitz)"]

1. Nf3 {[%emt 0:00:02]} d5 {[%emt 0:00:01]} 2. d4 {[%emt 0:00:00]} e6 {[%emt 0:00:01]} 3. Bf4 {[%emt 0:00:00]} Nc6 {[%emt 0:00:02]} 4. e3 {[%emt 0:00:00]} Bd6 {[%emt 0:00:01]} 5. c3 {[%emt 0:00:00]} Bxf4 {[%emt 0:00:01]} 6. exf4 {[%emt 0:00:01]} Nge7 {[%emt 0:00:00]} 7. Ne5 {[%emt 0:00:00]} f6 {[%emt 0:00:02]} 8. Nxc6 {[%emt 0:00:04]} Nxc6 {[%emt 0:00:01]} 9. Bd3 {[%emt 0:00:00]} Qe7 {[%emt 0:00:05]} 10. Qe2 {[%emt 0:00:01]} Bd7 {[%emt 0:00:02]} 11. Nd2 {[%emt 0:00:01]} O-O-O {[%emt 0:00:01]} 12. O-O-O {[%emt 0:00:03]} Rde8 {[%emt 0:00:05]} 13. Rhe1 {[%emt 0:00:01]} Qd6 {[%emt 0:00:02]} 14. Qf3 {[%emt 0:00:03]} Re7 {[%emt 0:00:02]} 15. Qg3 {[%emt 0:00:01]} Rhe8 {[%emt 0:00:02]} 16. Nf1 {[%emt 0:00:02]} g6 {[%emt 0:00:01]} 17. Ne3 {[%emt 0:00:02]} e5 {[%emt 0:00:05]} 18. fxe5 {[%emt 0:00:01]} fxe5 {[%emt 0:00:02]} 19. dxe5 {[%emt 0:00:00]} Nxe5 {[%emt 0:00:02]} 20. Ng4 {[%emt 0:00:02]} Nxd3+ {[%emt 0:00:02]} 21. Qxd3 {[%emt 0:00:15]} Bxg4 {[%emt 0:00:02]} 22. Rxe7 {[%emt 0:00:02]} Rxe7 {[%emt 0:00:05]} 23. Rd2 {[%emt 0:00:03]} Re1+ {[%emt 0:00:03]} 24. Kc2 {[%emt 0:00:02]} Bf5 {[%emt 0:00:01]} 25. Qxf5+ {[%emt 0:00:02]} gxf5 {[%emt 0:00:01]} 26. Rd3 {[%emt 0:00:00]} Re2+ {[%emt 0:00:02]} 27. Rd2 {[%emt 0:00:01]} Rxd2+ {[%emt 0:00:01]} 28. Kxd2 {[%emt 0:00:01]} Qf4+ {[%emt 0:00:00]} 29. Kc2 {[%emt 0:00:00]} Qe4+ {[%emt 0:00:01]} 30. Kb3 {[%emt 0:00:01]} Qe2 {[%emt 0:00:01]} 31. a3 {[%emt 0:00:01]} Qxf2 {[%emt 0:00:00]} 32. Ka2 {[%emt 0:00:00]} Qxg2 {[%emt 0:00:00]} 33. a4 {[%emt 0:00:01]} Qxh2 {[%emt 0:00:00]} 34. a5 {[%emt 0:00:00]} f4 {[%emt 0:00:01]} 35. a6 {[%emt 0:00:00]} bxa6 {[%emt 0:00:01]} 36. Ka3 {[%emt 0:00:02]} f3 {[%emt 0:00:00]} 37. Ka4 {[%emt 0:00:00]} f2 {[%emt 0:00:00]} 38. Ka5 {[%emt 0:00:00] (Lag: Av=0.43s, max=4.1s)} 1-0

[Event "Stay Safe Play From Home 221"]
[Site "T#646739Emanuel Laske"]
[Date "2020.06.12"]
[Round "5"]
[White "Trotsky"]
[Black "Hermann53"]
[Result "1-0"]
[WhiteElo "1635"]
[BlackElo "899"]
[Annotator "NA RC"]
[PlyCount "47"]
[EventDate "2020.06.12"]
[EventType "swiss (blitz)"]

1. d4 {[%emt 0:00:01]} g6 {[%emt 0:00:01]} 2. e3 {[%emt 0:00:00]} Bg7 {[%emt 0:00:01]} 3. c4 {[%emt 0:00:01]} c5 {[%emt 0:00:02]} 4. Nc3 {[%emt 0:00:01]} Nc6 {[%emt 0:00:01]} 5. d5 {[%emt 0:00:02]} Nf6 {[%emt 0:00:01]} 6. a3 {[%emt 0:00:01]} d6 {[%emt 0:00:02]} 7. Bd3 {[%emt 0:00:01]} Nd7 {[%emt 0:00:06]} 8. Qc2 {[%emt 0:00:01]} Nce5 {[%emt 0:00:07]} 9. Nf3 {[%emt 0:00:01]} Nxf3+ {[%emt 0:00:02]} 10. gxf3 {[%emt 0:00:01]} Bxc3+ {[%emt 0:00:01]} 11. bxc3 {[%emt 0:00:01]} O-O {[%emt 0:00:01]} 12. Bd2 {[%emt 0:00:01]} f5 {[%emt 0:00:01]} 13. O-O-O {[%emt 0:00:01]} Ne5 {[%emt 0:00:01]} 14. h4 {[%emt 0:00:01]} Nxd3+ {[%emt 0:00:03]} 15. Qxd3 {[%emt 0:00:01]} Qc7 {[%emt 0:00:02]} 16. Rdg1 {[%emt 0:00:02]} Qa5 {[%emt 0:00:02]} 17. Kb2 {[%emt 0:00:02]} b5 {[%emt 0:00:02]} 18. Rg5 {[%emt 0:00:01]} bxc4 {[%emt 0:00:01]} 19. Qc2 {[%emt 0:00:02]} Qb6+ {[%emt 0:00:02]} 20. Ka2 {[%emt 0:00:03]} Ba6 {[%emt 0:00:05]} 21. h5 {[%emt 0:00:01]} Bb5 {[%emt 0:00:07]} 22. hxg6 {[%emt 0:00:01]} Qa5 {[%emt 0:00:02]} 23. gxh7+ {[%emt 0:00:01]} Kh8 {[%emt 0:00:05]} 24. Rhg1 {[%emt 0:00:05] Zeit (Lag: Av=0.29s, max=0.9s)} 1-0

[Event "Stay Safe Play From Home 221"]
[Site "T#646739Emanuel Laske"]
[Date "2020.06.12"]
[Round "5"]
[White "Klasman"]
[Black "buzaglo"]
[Result "0-1"]
[WhiteElo "1261"]
[BlackElo "1926"]
[Annotator "TA"]
[PlyCount "42"]
[EventDate "2020.06.12"]
[EventType "swiss (blitz)"]

{[%evp 9,42,-16,6,4,11,18,37,43,107,0,0,8,10,-37,-23,-204,-76,-100,242,29,128,128,327,42,266,264,270,283,262,0,0,0,29980,29981,6249]} 1. f4 e6 2. e4 d5 3. e5 c5 4. Nf3 Nc6 5. c3 f6 6. d4 {B21: Sicilian: 2 f4 and Morra Gambit.} cxd4 7. cxd4 Qb6 8. Nc3 {White is slightly better.} Bb4 {[#]} ({Black should play} 8... Nh6 $14) 9. Bd2 $146 (9. Bd3 $16) ({Predecessor:} 9. Be2 fxe5 10. fxe5 Nge7 11. O-O O-O 12. a3 Bxc3 13. bxc3 Ng6 14. Ng5 Ncxe5 15. Rxf8+ Nxf8 {1-0 (42) Poltikhin,A (1923)-Movsesjan,R Riazan 2010}) 9... Nxd4 $11 10. Nxd4 Qxd4 11. Bb5+ (11. Qg4 $5 {[%cal Rg4g7]} Kf8 12. O-O-O $15) 11... Bd7 12. Qa4 $2 {[#]} (12. Bxd7+ $11 {and White has nothing to worry.} Kxd7 13. Qb3) 12... Bxb5 (12... Rd8 $19 {aiming for ...Bxc3.} 13. Bxd7+ Rxd7) 13. Qxb5+ $17 Kd8 $2 {[%mdl 8192]} (13... Kf7 $17 {stays on course.} 14. a3 Bxc3 15. bxc3 Qc4) 14. O-O-O $2 (14. Qxb7 $18 Rc8 15. Qxg7 Bxc3 16. bxc3 Rxc3 17. Qf8+ (17. Qxh8 Qe4+ {[%mdl 64] Double Attack} 18. Kf2 Qd4+ {[%mdl 64] Double Attack} 19. Ke2 Qd3+ 20. Kd1 Qc2+ 21. Ke2 Qd3+ 22. Ke1 Qe4+ {[%mdl 64] Double Attack} 23. Kf2 Qd4+ {[%mdl 64] Double Attack} 24. Ke2 Qd3+ $11) 17... Kd7 18. Qd6+ Ke8 19. Qxe6+ Kf8 20. Qf5 (20. Bxc3 Qxc3+ 21. Kf2 Qd2+ 22. Kg3 Qe3+ 23. Kg4 h5+ 24. Kh4 Qxf4+ 25. Kh3 Qe3+ 26. g3 h4 $14)) 14... Rc8 (14... Qb6 $1 $11 {keeps the balance.}) 15. Qxb7 $16 Bxc3 $2 (15... Be7 $16) 16. bxc3 $2 (16. Bxc3 $18 Qxf4+ 17. Kb1 Rxc3 18. bxc3) 16... Qc5 $2 (16... Qc4 $14) 17. Qxg7 $18 Qa3+ 18. Kc2 d4 {[#]} ({Avoid the trap} 18... Qxa2+ $2 19. Kd3 $18) 19. Qxh8 $2 (19. Rb1 $1 $18 {[%cal Rb1b7]} dxc3 20. Rhd1) 19... Qxa2+ $11 20. Kd3 dxc3 $2 {[%mdl 8192]} (20... Qc4+ $11 21. Kc2 Qa2+ 22. Kd3 Qc4+ {[%mdl 64] Double Attack} 23. Kc2 Qa2+) 21. Qxg8+ Kc7 {[%mdl 32768] Accuracy: White = 44%, Black = 24%. . Sensor Board Error (Ke4/e5)?} 0-1

[Event "Stay Safe Play From Home 221"]
[Site "T#646739Emanuel Laske"]
[Date "2020.06.12"]
[Round "6"]
[White "Mepe_Nika"]
[Black "Fischer_11"]
[Result "1/2-1/2"]
[WhiteElo "2362"]
[BlackElo "2071"]
[Annotator "NA RC"]
[PlyCount "146"]
[EventDate "2020.06.12"]
[EventType "swiss (blitz)"]

1. c4 {[%emt 0:00:02]} c5 {[%emt 0:00:02]} 2. g3 {[%emt 0:00:01]} Nc6 {[%emt 0:00:00]} 3. Bg2 {[%emt 0:00:00]} b6 {[%emt 0:00:00]} 4. Nc3 {[%emt 0:00:01]} Bb7 {[%emt 0:00:00]} 5. a3 {[%emt 0:00:01]} Na5 {[%emt 0:00:00]} 6. Nf3 {[%emt 0:00:01]} Nf6 {[%emt 0:00:01]} 7. d3 {[%emt 0:00:01]} e6 {[%emt 0:00:00]} 8. O-O {[%emt 0:00:01]} Be7 {[%emt 0:00:00]} 9. Rb1 {[%emt 0:00:01]} O-O {[%emt 0:00:01]} 10. b4 {[%emt 0:00:01]} Nc6 {[%emt 0:00:02]} 11. Ne5 {[%emt 0:00:01]} Rc8 {[%emt 0:00:02]} 12. b5 {[%emt 0:00:04]} Na5 {[%emt 0:00:02]} 13. Bxb7 {[%emt 0:00:00]} Nxb7 {[%emt 0:00:00]} 14. a4 {[%emt 0:00:01]} Bd6 {[%emt 0:00:02]} 15. f4 {[%emt 0:00:02]} Bxe5 {[%emt 0:00:02]} 16. fxe5 {[%emt 0:00:00]} Ng4 {[%emt 0:00:01]} 17. Bf4 {[%emt 0:00:02]} d6 {[%emt 0:00:00]} 18. exd6 {[%emt 0:00:01]} Nxd6 {[%emt 0:00:00]} 19. h3 {[%emt 0:00:01]} Nf6 {[%emt 0:00:01]} 20. Qd2 {[%emt 0:00:01]} Nf5 {[%emt 0:00:01]} 21. Kh2 {[%emt 0:00:02]} Nd4 {[%emt 0:00:02]} 22. g4 {[%emt 0:00:01]} Re8 {[%emt 0:00:01]} 23. Be5 {[%emt 0:00:01]} Nd7 {[%emt 0:00:04]} 24. Bxd4 {[%emt 0:00:02]} cxd4 {[%emt 0:00:00]} 25. Ne4 {[%emt 0:00:00]} Qc7+ {[%emt 0:00:01]} 26. Qf4 {[%emt 0:00:01]} Qxf4+ {[%emt 0:00:01]} 27. Rxf4 {[%emt 0:00:00]} Nc5 {[%emt 0:00:03]} 28. Nd6 {[%emt 0:00:01]} e5 {[%emt 0:00:05]} 29. Rf2 {[%emt 0:00:02]} Rcd8 {[%emt 0:00:01]} 30. Nxe8 {[%emt 0:00:01]} Rxe8 {[%emt 0:00:00]} 31. Ra1 {[%emt 0:00:01]} Re7 {[%emt 0:00:01]} 32. a5 {[%emt 0:00:01]} Nb3 {[%emt 0:00:03]} 33. Re1 {[%emt 0:00:03]} Nxa5 {[%emt 0:00:01]} 34. e3 {[%emt 0:00:00]} Kf8 {[%emt 0:00:02]} 35. exd4 {[%emt 0:00:01]} exd4 {[%emt 0:00:00]} 36. Rxe7 {[%emt 0:00:01]} Kxe7 {[%emt 0:00:00]} 37. Rf4 {[%emt 0:00:02]} Nb3 {[%emt 0:00:02]} 38. Re4+ {[%emt 0:00:01]} Kd6 {[%emt 0:00:01]} 39. Kg3 {[%emt 0:00:00]} Kc5 {[%emt 0:00:02]} 40. Re7 {[%emt 0:00:01]} Nc1 {[%emt 0:00:00]} 41. Rxf7 {[%emt 0:00:02]} Nxd3 {[%emt 0:00:00]} 42. Rxg7 {[%emt 0:00:01]} Kxc4 {[%emt 0:00:00]} 43. Rxh7 {[%emt 0:00:00]} Kxb5 {[%emt 0:00:00]} 44. g5 {[%emt 0:00:01]} Nc5 {[%emt 0:00:00]} 45. g6 {[%emt 0:00:01]} d3 {[%emt 0:00:00]} 46. Rh4 {[%emt 0:00:01]} d2 {[%emt 0:00:00]} 47. Rd4 {[%emt 0:00:00]} Ne6 {[%emt 0:00:01]} 48. Rd6 {[%emt 0:00:01]} Ng5 {[%emt 0:00:01]} 49. Rxd2 {[%emt 0:00:02]} Ne4+ {[%emt 0:00:01]} 50. Kf4 {[%emt 0:00:00]} Nxd2 {[%emt 0:00:00]} 51. g7 {[%emt 0:00:00]} Nc4 {[%emt 0:00:00]} 52. g8=Q {[%emt 0:00:00]} Nd6 {[%emt 0:00:00]} 53. Qb3+ {[%emt 0:00:01]} Kc6 {[%emt 0:00:01]} 54. h4 {[%emt 0:00:00]} Nb5 {[%emt 0:00:00]} 55. Qf3+ {[%emt 0:00:01]} Kc5 {[%emt 0:00:01]} 56. h5 {[%emt 0:00:00]} Kb4 {[%emt 0:00:00]} 57. Qe3 {[%emt 0:00:02]} Ka5 {[%emt 0:00:00]} 58. Qe4 {[%emt 0:00:00]} a6 {[%emt 0:00:00]} 59. Qe5 {[%emt 0:00:00]} Ka4 {[%emt 0:00:01]} 60. Qxb5+ {[%emt 0:00:00]} axb5 {[%emt 0:00:01]} 61. h6 {[%emt 0:00:00]} b4 {[%emt 0:00:00]} 62. h7 {[%emt 0:00:00]} b3 {[%emt 0:00:00]} 63. h8=Q {[%emt 0:00:00]} b5 {[%emt 0:00:00]} 64. Qb2 {[%emt 0:00:01]} b4 {[%emt 0:00:00]} 65. Ke4 {[%emt 0:00:00]} Kb5 {[%emt 0:00:00]} 66. Ke3 {[%emt 0:00:00]} Ka4 {[%emt 0:00:00]} 67. Kd3 {[%emt 0:00:00]} Ka5 {[%emt 0:00:00]} 68. Kd4 {[%emt 0:00:00]} Kb5 {[%emt 0:00:00]} 69. Kd5 {[%emt 0:00:01]} Ka5 {[%emt 0:00:00]} 70. Kc4 {[%emt 0:00:00]} Ka4 {[%emt 0:00:00]} 71. Qxb3+ {[%emt 0:00:00]} Ka5 {[%emt 0:00:00]} 72. Qxb4+ {[%emt 0:00:00]} Ka6 {[%emt 0:00:00]} 73. Qb5+ {[%emt 0:00:00]} Ka7 {[%emt 0:00:00] .} 1/2-1/2

[Event "Stay Safe Play From Home 221"]
[Site "T#646739Emanuel Laske"]
[Date "2020.06.12"]
[Round "6"]
[White "Lamborghini"]
[Black "Little champs"]
[Result "1-0"]
[WhiteElo "2302"]
[BlackElo "2206"]
[Annotator "TA"]
[PlyCount "41"]
[EventDate "2020.06.12"]
[EventType "swiss (blitz)"]

{[%evp 9,41,-318,-318,-318,-325,-324,-338,-330,-263,-364,-361,-359,-334,-364,-317,-341,-301,-316,-305,-292,-309,-388,-375,-406,-316,-325,-329,-327,1408,1333,29994,29995,29995,29996]} 1. e4 e6 2. d4 d5 3. Nc3 dxe4 4. Nxe4 Nf6 5. Nf3 Nxe4 6. Bd3 {C10: French with 3 Nc3: Unusual Black 3rd moves and 3...dxe4.} Nf6 {[#]} 7. Qe2 $146 ({Predecessor:} 7. O-O Be7 8. Re1 O-O 9. c3 b6 10. Ne5 Bb7 11. Re3 Nbd7 12. Rh3 g6 13. Bh6 {0-1 (25) Wittig,F (2297)-Hahner,A (2275) Remote email 2012}) 7... Be7 8. Bg5 {Black has a decisive advantage.} Kf8 9. Bxf6 Bxf6 ({Don't take} 9... gxf6 10. c3 $19) 10. O-O-O Nd7 11. Kb1 Qe7 12. g4 g6 13. h4 h5 14. g5 Bg7 15. Rh3 c5 16. dxc5 Nxc5 {[#] Hoping for ...e5.} 17. Ne5 Nxd3 18. Rhxd3 Bxe5 $4 {[%mdl 8192]} (18... Kg8 $19 19. Rf3 Bxe5 20. Qxe5 Kh7) 19. Qxe5 $18 {[%cal Re5h8]} ({Worse is} 19. Rd8+ {[#]} Qxd8 $1 {[%mdl 512]} 20. Rxd8+ Ke7 $11) 19... Rh7 20. Rd8+ Qe8 21. Qd6+ {Accuracy: White = 65%, Black = 56%.} 1-0

[Event "Stay Safe Play From Home 221"]
[Site "T#646739Emanuel Laske"]
[Date "2020.06.12"]
[Round "6"]
[White "Lazieri3"]
[Black "Trotsky"]
[Result "1-0"]
[WhiteElo "2006"]
[BlackElo "1635"]
[Annotator "TA"]
[PlyCount "73"]
[EventDate "2020.06.12"]
[EventType "swiss (blitz)"]

{[%evp 9,73,0,9,-10,0,-28,-21,-22,-15,-20,-13,-15,-12,-28,-22,-67,-58,-62,-3,-4,18,22,21,-56,6,-29,-36,-98,-29,-37,-25,-35,44,-44,15,17,15,-55,21,-45,-52,-61,-25,-64,-23,-36,-38,-47,-18,-685,489,489,489,489,536,533,577,553,29987,452,466,464,1489,1618,772,717]} 1. e4 c5 2. d3 e6 3. Be3 d6 4. Nf3 Nc6 5. Nc3 a6 6. Qd2 {C00: French: Unusual White 2nd moves.} Nf6 {[#]} 7. g3 $146 ({Predecessor:} 7. Be2 Be7 8. O-O-O b5 9. d4 c4 10. d5 Nb4 11. dxe6 Bxe6 12. Nd5 Nbxd5 13. exd5 Nxd5 {0-1 (52) Papadopoulos,L (1085)-Landvoigt,M (1310) Heusenstamm 2017}) 7... Qc7 8. Bg2 {The position is equal.} b5 9. O-O Bb7 10. a3 Rd8 11. h3 Be7 12. d4 cxd4 13. Nxd4 Nxd4 (13... Ne5 $15) 14. Bxd4 $11 e5 15. Be3 O-O 16. f3 (16. Rfc1 $11) 16... Kh8 (16... d5 $15 17. exd5 Nxd5 18. Nxd5 Rxd5) 17. Kh2 d5 $36 {[%mdl 2048] Black is pushing.} 18. Nxd5 (18. exd5 $15 Nxd5 19. Nxd5 Rxd5 20. Qf2) 18... Nxd5 ({Better is} 18... Bxd5 $17 19. exd5 Nxd5) 19. exd5 Bxd5 20. Qf2 $1 {With the idea Bb6.} f5 (20... Qc6 $15) 21. c3 (21. Bb6 $14 Qc8 22. Bxd8 Rxd8 23. Rfd1) 21... f4 ({Black should try} 21... Qc6 $15) 22. gxf4 exf4 23. Bd4 (23. Bb6 $11 Qc6 24. Bxd8 Bxd8 25. Rad1) 23... Bf6 (23... Qc6 $15) 24. Bxf6 (24. Bb6 $11 Qc6 25. Bxd8 Bxd8 26. Qc2) 24... Rxf6 $15 25. Rad1 Be6 26. Qh4 Rdf8 27. Rd4 Rh6 28. Qg5 Qc8 {[%cal Re6h3]} 29. Rxf4 $2 {[%mdl 8192]} (29. Rd6 $11) 29... Bxh3 $4 {[%mdl 8192]} (29... Qb8 $19 30. Rd1 Rg6) 30. Rxf8+ $18 {[%mdl 64] [#] Overworked Piece} Qxf8 31. Bxh3 Rg6 32. Qe3 Qd6+ 33. f4 {White wants to mate with Qe8+.} Re6 34. Qg3 (34. Bxe6 $142 h6 35. Bf5 Qd8 36. Re1 g6 37. Qe5+ Kh7 38. Qe7+ Qxe7 39. Rxe7+ Kg8 40. Bxg6) 34... Re2+ {White is clearly winning.} 35. Rf2 Qd2 (35... Re8 $142 36. Rg2 Qf6) 36. Rxe2 Qxe2+ 37. Qg2 {Accuracy: White = 47%, Black = 41%.} 1-0